[Event "Baku Chess Olympiad | Open"]
[Site "chess24.com"]
[Date "2016.09.06"]
[Round "5"]
[White "Knowles, Kendrick"]
[Black "Kim, Inguh"]
[Result "1-0"]
[Board "2"]
[WhiteID "10400451"]
[WhiteElo "1825"]
[WhiteTitle "CM"]
[WhiteCountry "BAH"]
[WhiteFideId "10400451"]
[WhiteEloChange "13"]
[BlackID "13201204"]
[BlackElo "1918"]
[BlackTitle "CM"]
[BlackCountry "KOR"]
[BlackFideId "13201204"]
[BlackEloChange "-13"]

1. d4 {[%clk 1:30:50]} d5 {[%clk 1:30:56]} 2. c4 {[%clk 1:31:14]} e6 {[%clk
1:31:22]} 3. Nc3 {[%clk 1:31:27]} c5 {[%clk 1:31:48]} 4. cxd5 {[%clk 1:31:44]}
exd5 {[%clk 1:32:16]} 5. Nf3 {[%clk 1:32:02]} Nc6 {[%clk 1:32:44]} 6. g3 {[%clk
1:32:14]} Nf6 {[%clk 1:33:09]} 7. Bg2 {[%clk 1:32:36]} Be7 {[%clk 1:33:31]} 8.
O-O {[%clk 1:32:56]} O-O {[%clk 1:33:59]} 9. Bg5 {[%clk 1:31:15]} c4 {[%clk
1:34:18]} 10. Ne5 {[%clk 1:28:53]} Be6 {[%clk 1:34:44]} 11. Rc1 {[%clk 1:26:11]}
h6 {[%clk 1:34:03]} 12. Nxc6 {[%clk 1:24:19]} bxc6 {[%clk 1:33:03]} 13. Bxf6
{[%clk 1:23:49]} Bxf6 {[%clk 1:32:58]} 14. e3 {[%clk 1:24:06]} Qa5 {[%clk
1:31:13]} 15. b3 {[%clk 1:23:26]} Rac8 {[%clk 1:29:39]} 16. bxc4 {[%clk 1:23:24]}
dxc4 {[%clk 1:30:06]} 17. Ne4 {[%clk 1:21:25]} Be7 {[%clk 1:29:11]} 18. Qc2
{[%clk 1:21:00]} Rfd8 {[%clk 1:18:00]} 19. Rfd1 {[%clk 1:11:55]} Qa6 {[%clk
1:07:54]} 20. Rb1 {[%clk 1:02:41]} Rb8 {[%clk 1:01:07]} 21. Nc3 {[%clk 1:02:32]}
Bb4 {[%clk 0:56:39]} 22. d5 {[%clk 0:56:09]} cxd5 {[%clk 0:44:34]} 23. Nxd5
{[%clk 0:56:18]} Bd6 {[%clk 0:42:37]} 24. Rxb8 {[%clk 0:50:02]} Rxb8 {[%clk
0:42:33]} 25. Rd4 {[%clk 0:50:17]} Rc8 {[%clk 0:39:07]} 26. Be4 {[%clk 0:47:02]}
Kh8 {[%clk 0:33:14]} 27. Rd1 {[%clk 0:46:46]} Qa5 {[%clk 0:30:31]} 28. Bf5 {[%clk
0:40:13]} Rc6 {[%clk 0:21:55]} 29. Bxe6 {[%clk 0:40:21]} fxe6 {[%clk 0:22:23]}
30. Qg6 {[%clk 0:39:53]} Qd8 {[%clk 0:12:16]} 31. Qxe6 {[%clk 0:39:40]} Qc8
{[%clk 0:12:18]} 32. Qe4 {[%clk 0:38:21]} a5 {[%clk 0:08:23]} 33. Nc3 {[%clk
0:35:31]} Bb4 {[%clk 0:08:20]} 34. Rc1 {[%clk 0:34:02]} Qe6 {[%clk 0:06:44]} 35.
Qc2 {[%clk 0:30:23]} Rd6 {[%clk 0:04:58]} 36. Ne4 {[%clk 0:28:49]} Rc6 {[%clk
0:05:10]} 37. Rd1 {[%clk 0:28:52]} Qe7 {[%clk 0:04:39]} 38. Rd4 {[%clk 0:28:47]}
c3 {[%clk 0:04:21]} 39. Qd3 {[%clk 0:27:55]} Rc8 {[%clk 0:03:40]} 40. Rc4 {[%clk
0:58:00]} Rd8 {[%clk 0:31:28]} 41. Qc2 {[%clk 0:57:31]} Qe6 {[%clk 0:23:52]} 42.
Rc7 {[%clk 0:57:08]} Qe5 {[%clk 0:19:39]} 43. Ra7 {[%clk 0:54:23]} Qd5 {[%clk
0:18:27]} 44. Rc7 {[%clk 0:50:54]} Qd1+ {[%clk 0:16:07]} 45. Qxd1 {[%clk
0:51:04]} Rxd1+ {[%clk 0:16:35]} 46. Kg2 {[%clk 0:51:26]} Ra1 {[%clk 0:16:03]}
47. Nxc3 {[%clk 0:51:28]} Bxc3 {[%clk 0:16:29]} 48. Rxc3 {[%clk 0:51:51]} Rxa2
{[%clk 0:16:58]} 49. Rc7 {[%clk 0:51:56]} Kh7 {[%clk 0:16:25]} 50. Kf3 {[%clk
0:52:08]} Kg6 {[%clk 0:14:40]} 51. h4 {[%clk 0:52:06]} h5 {[%clk 0:14:50]} 52. e4
{[%clk 0:52:10]} a4 {[%clk 0:14:18]} 53. Ra7 {[%clk 0:52:10]} Kf6 {[%clk
0:14:29]} 54. Ke3 {[%clk 0:52:25]} a3 {[%clk 0:14:05]} 55. Ra5 {[%clk 0:52:07]}
Ra1 {[%clk 0:13:55]} 56. f4 {[%clk 0:52:24]} a2 {[%clk 0:14:07]} 57. Kd2 {[%clk
0:51:37]} Rh1 {[%clk 0:14:27]} 58. Ra6+ {[%clk 0:51:48]} Kf7 {[%clk 0:14:47]} 59.
Kd3 {[%clk 0:52:11]} a1Q {[%clk 0:15:06]} 60. Rxa1 {[%clk 0:52:40]} Rxa1 {[%clk
0:15:28]} 61. Kd4 {[%clk 0:52:37]} Ra3 {[%clk 0:15:48]} 62. Ke5 {[%clk 0:53:01]}
Rxg3 {[%clk 0:16:07]} 63. Kf5 {[%clk 0:53:22]} g6+ {[%clk 0:16:26]} 64. Ke5
{[%clk 0:53:43]} Rg4 {[%clk 0:16:51]} 65. f5 {[%clk 0:54:09]} Rxh4 {[%clk
0:17:11]} 66. fxg6+ {[%clk 0:54:18]} Kxg6 {[%clk 0:17:36]} 1-0

[Event "Baku Chess Olympiad | Open"]
[Site "chess24.com"]
[Date "2016.09.06"]
[Round "5"]
[White "Liu, Yeh Yang"]
[Black "Aithmidou, Mohamed-Mehdi"]
[Result "1/2-1/2"]
[Board "3"]
[WhiteID "16300416"]
[WhiteElo "2009"]
[WhiteCountry "TPE"]
[WhiteFideId "16300416"]
[WhiteEloChange "6"]
[BlackID "9000720"]
[BlackElo "2229"]
[BlackTitle "CM"]
[BlackCountry "MAR"]
[BlackFideId "9000720"]
[BlackEloChange "-6"]

1. e4 {[%clk 1:30:58]} c5 {[%clk 1:30:49]} 2. Nf3 {[%clk 1:31:26]} d6 {[%clk
1:31:08]} 3. c3 {[%clk 1:31:55]} Nf6 {[%clk 1:31:19]} 4. Qc2 {[%clk 1:32:23]} g6
{[%clk 1:30:37]} 5. d4 {[%clk 1:32:51]} Bg7 {[%clk 1:30:34]} 6. Bb5+ {[%clk
1:30:35]} Bd7 {[%clk 1:27:44]} 7. Bxd7+ {[%clk 1:31:00]} Qxd7 {[%clk 1:27:41]} 8.
O-O {[%clk 1:31:26]} O-O {[%clk 1:27:50]} 9. d5 {[%clk 1:30:46]} b5 {[%clk
1:22:02]} 10. Re1 {[%clk 1:30:32]} Qb7 {[%clk 1:20:41]} 11. Bf4 {[%clk 1:30:28]}
Nbd7 {[%clk 1:20:04]} 12. Nbd2 {[%clk 1:30:55]} c4 {[%clk 1:18:41]} 13. Be3
{[%clk 1:23:42]} Ng4 {[%clk 1:14:23]} 14. Bd4 {[%clk 1:23:09]} Nge5 {[%clk
1:10:14]} 15. Nxe5 {[%clk 1:23:01]} Nxe5 {[%clk 1:10:37]} 16. Bxe5 {[%clk
1:23:27]} Bxe5 {[%clk 1:11:00]} 17. Nf3 {[%clk 1:23:48]} Bf6 {[%clk 1:10:00]} 18.
Rad1 {[%clk 1:23:55]} a5 {[%clk 0:48:03]} 19. Nd4 {[%clk 1:24:12]} Ra6 {[%clk
0:44:09]} 20. Nc6 {[%clk 1:24:00]} e6 {[%clk 0:43:43]} 21. Qd2 {[%clk 1:16:28]}
exd5 {[%clk 0:37:04]} 22. exd5 {[%clk 1:16:54]} Qd7 {[%clk 0:32:47]} 23. Qf4
{[%clk 1:14:46]} Kg7 {[%clk 0:32:55]} 24. Re3 {[%clk 1:08:58]} Re8 {[%clk
0:31:15]} 25. Rde1 {[%clk 1:08:04]} Raa8 {[%clk 0:30:10]} 26. g3 {[%clk 0:49:01]}
Rxe3 {[%clk 0:25:55]} 27. Rxe3 {[%clk 0:45:38]} Re8 {[%clk 0:25:18]} 28. Rxe8
{[%clk 0:41:47]} Qxe8 {[%clk 0:25:47]} 29. Kg2 {[%clk 0:42:11]} Qe2 {[%clk
0:23:54]} 30. h4 {[%clk 0:34:40]} h5 {[%clk 0:20:26]} 31. Qxd6 {[%clk 0:26:26]}
Qxb2 {[%clk 0:20:11]} 32. Qc5 {[%clk 0:24:14]} b4 {[%clk 0:16:06]} 33. Nxa5
{[%clk 0:22:15]} bxc3 {[%clk 0:15:32]} 34. Nxc4 {[%clk 0:22:44]} Qxa2 {[%clk
0:15:24]} 35. Ne3 {[%clk 0:23:12]} Qd2 {[%clk 0:15:35]} 36. d6 {[%clk 0:16:53]}
Bd4 {[%clk 0:14:33]} 37. Qa5 {[%clk 0:17:21]} Bxe3 {[%clk 0:11:17]} 38. Qe5+
{[%clk 0:17:49]} Kh7 {[%clk 0:11:05]} 39. Qxe3 {[%clk 0:18:09]} Qd5+ {[%clk
0:09:30]} 40. Qf3 {[%clk 0:47:19]} Qc4 {[%clk 0:35:31]} 41. d7 {[%clk 0:47:47]}
c2 {[%clk 0:35:59]} 42. d8Q {[%clk 0:48:08]} c1Q {[%clk 0:36:14]} 43. Qdd3 {[%clk
0:48:36]} Qxd3 {[%clk 0:31:15]} 44. Qxd3 {[%clk 0:49:00]} 1/2-1/2

[Event "Baku Chess Olympiad | Open"]
[Site "chess24.com"]
[Date "2016.09.06"]
[Round "5"]
[White "Mesfin, Leykun"]
[Black "Rayes, Abdul Kader"]
[Result "1-0"]
[Board "1"]
[WhiteID "15700097"]
[WhiteElo "2129"]
[WhiteCountry "ETH"]
[WhiteFideId "15700097"]
[WhiteEloChange "13"]
[BlackID "7600801"]
[BlackElo "2254"]
[BlackCountry "SYR"]
[BlackFideId "7600801"]
[BlackEloChange "-13"]

1. e4 {[%clk 1:30:30]} e5 {[%clk 1:30:45]} 2. Nf3 {[%clk 1:31:00]} Nc6 {[%clk
1:30:29]} 3. Bb5 {[%clk 1:31:11]} a6 {[%clk 1:30:54]} 4. Ba4 {[%clk 1:31:34]} Nf6
{[%clk 1:31:19]} 5. O-O {[%clk 1:30:53]} Be7 {[%clk 1:31:26]} 6. Re1 {[%clk
1:31:11]} b5 {[%clk 1:31:50]} 7. Bb3 {[%clk 1:31:38]} d6 {[%clk 1:32:04]} 8. c3
{[%clk 1:29:27]} O-O {[%clk 1:32:25]} 9. h3 {[%clk 1:29:06]} Nb8 {[%clk 1:32:41]}
10. d4 {[%clk 1:28:37]} Nbd7 {[%clk 1:33:09]} 11. Nbd2 {[%clk 1:27:53]} Bb7
{[%clk 1:33:37]} 12. Bc2 {[%clk 1:26:37]} Re8 {[%clk 1:33:56]} 13. Nf1 {[%clk
1:26:19]} Bf8 {[%clk 1:34:11]} 14. Ng3 {[%clk 1:26:15]} g6 {[%clk 1:34:36]} 15.
Bg5 {[%clk 1:20:49]} h6 {[%clk 1:34:18]} 16. Bd2 {[%clk 1:17:51]} c5 {[%clk
1:32:46]} 17. d5 {[%clk 1:15:51]} c4 {[%clk 1:33:03]} 18. Nh2 {[%clk 1:12:05]} h5
{[%clk 1:30:42]} 19. Nf3 {[%clk 1:12:02]} Be7 {[%clk 1:30:33]} 20. Bh6 {[%clk
1:05:04]} Nh7 {[%clk 1:23:35]} 21. Qd2 {[%clk 0:59:03]} Nc5 {[%clk 1:22:03]} 22.
Rad1 {[%clk 0:53:00]} Bf6 {[%clk 1:19:59]} 23. Be3 {[%clk 0:49:33]} Rc8 {[%clk
1:20:06]} 24. Bb1 {[%clk 0:47:59]} Rc7 {[%clk 1:18:01]} 25. Kh2 {[%clk 0:42:33]}
Bc8 {[%clk 1:15:59]} 26. Qe2 {[%clk 0:38:27]} Qe7 {[%clk 1:15:15]} 27. Bc1 {[%clk
0:31:52]} Kh8 {[%clk 1:13:24]} 28. Nf1 {[%clk 0:29:50]} Bd7 {[%clk 1:08:05]} 29.
Ne3 {[%clk 0:29:31]} Kg7 {[%clk 1:05:08]} 30. g3 {[%clk 0:25:08]} Rh8 {[%clk
1:04:33]} 31. Kg2 {[%clk 0:25:11]} Rcc8 {[%clk 0:57:24]} 32. Rh1 {[%clk 0:24:32]}
Ng5 {[%clk 0:53:42]} 33. Nxg5 {[%clk 0:23:02]} Bxg5 {[%clk 0:53:40]} 34. Rdf1
{[%clk 0:19:32]} Rce8 {[%clk 0:49:07]} 35. Bc2 {[%clk 0:15:29]} Bc8 {[%clk
0:40:37]} 36. f3 {[%clk 0:14:00]} h4 {[%clk 0:39:44]} 37. g4 {[%clk 0:05:00]} Bf4
{[%clk 0:36:36]} 38. Rd1 {[%clk 0:05:11]} Bd7 {[%clk 0:36:09]} 39. Rhe1 {[%clk
0:03:54]} Qf6 {[%clk 0:33:48]} 40. Nf1 {[%clk 0:32:53]} Re7 {[%clk 0:56:24]} 41.
Be3 {[%clk 0:31:39]} Rc8 {[%clk 0:56:16]} 42. Qd2 {[%clk 0:27:58]} Be8 {[%clk
0:54:32]} 43. Bxf4 {[%clk 0:23:01]} exf4 {[%clk 0:53:21]} 44. Qf2 {[%clk
0:21:34]} Re5 {[%clk 0:52:59]} 45. Nd2 {[%clk 0:20:57]} Qd8 {[%clk 0:52:49]} 46.
Nb1 {[%clk 0:19:39]} Kh6 {[%clk 0:48:29]} 47. Na3 {[%clk 0:19:19]} Bd7 {[%clk
0:43:05]} 48. Bb1 {[%clk 0:18:38]} Qf6 {[%clk 0:42:02]} 49. Qd2 {[%clk 0:18:10]}
Kg7 {[%clk 0:41:03]} 50. Rf1 {[%clk 0:17:56]} Ree8 {[%clk 0:40:14]} 51. Nc2
{[%clk 0:17:29]} Nd3 {[%clk 0:39:54]} 52. Nd4 {[%clk 0:17:40]} Ne5 {[%clk
0:40:16]} 53. Ne2 {[%clk 0:17:34]} g5 {[%clk 0:40:36]} 54. Nd4 {[%clk 0:17:43]}
Rc5 {[%clk 0:39:56]} 55. Rfe1 {[%clk 0:16:48]} Rec8 {[%clk 0:39:20]} 56. Rc1
{[%clk 0:16:54]} Qd8 {[%clk 0:36:07]} 57. Re2 {[%clk 0:15:21]} Qb6 {[%clk
0:35:20]} 58. a3 {[%clk 0:13:07]} Rb8 {[%clk 0:34:34]} 59. Rce1 {[%clk 0:13:25]}
Rcc8 {[%clk 0:34:26]} 60. Rd1 {[%clk 0:13:00]} Qc5 {[%clk 0:33:25]} 61. Rde1
{[%clk 0:08:16]} Rc7 {[%clk 0:32:15]} 62. Rd1 {[%clk 0:03:07]} Kf8 {[%clk
0:30:48]} 63. Nf5 {[%clk 0:02:43]} Bxf5 {[%clk 0:31:09]} 64. exf5 {[%clk
0:02:57]} f6 {[%clk 0:31:22]} 65. Be4 {[%clk 0:01:09]} Kg7 {[%clk 0:22:54]} 66.
Qd4 {[%clk 0:01:06]} Kh6 {[%clk 0:22:07]} 67. Qxc5 {[%clk 0:01:30]} Rxc5 {[%clk
0:22:36]} 68. Kf2 {[%clk 0:01:35]} Kg7 {[%clk 0:22:09]} 69. Ke1 {[%clk 0:01:56]}
Re8 {[%clk 0:22:06]} 70. Rdd2 {[%clk 0:01:33]} Nd7 {[%clk 0:20:43]} 71. Kd1
{[%clk 0:00:40]} Re5 {[%clk 0:21:06]} 72. Kc2 {[%clk 0:01:00]} Nb6 {[%clk
0:21:22]} 73. Rf2 {[%clk 0:00:32]} Kf7 {[%clk 0:18:11]} 74. Rd4 {[%clk 0:00:38]}
Nxd5 {[%clk 0:18:00]} 75. Kc1 {[%clk 0:01:07]} Ne3 {[%clk 0:15:25]} 76. Rxd6
{[%clk 0:01:14]} a5 {[%clk 0:14:28]} 77. Rfd2 {[%clk 0:01:04]} b4 {[%clk
0:14:39]} 78. Rd7+ {[%clk 0:00:50]} Re7 {[%clk 0:14:59]} 79. Rd8 {[%clk 0:01:02]}
bxa3 {[%clk 0:15:08]} 80. bxa3 {[%clk 0:01:31]} Rb5 {[%clk 0:14:46]} 81. Rh8
{[%clk 0:01:27]} Rbe5 {[%clk 0:11:59]} 82. Rh7+ {[%clk 0:00:43]} Kg8 {[%clk
0:12:15]} 83. Rh6 {[%clk 0:00:54]} Kg7 {[%clk 0:12:15]} 84. Rg6+ {[%clk 0:01:19]}
Kf7 {[%clk 0:11:28]} 85. Rd6 {[%clk 0:01:34]} Rxe4 {[%clk 0:11:44]} 86. Rgxf6+
{[%clk 0:01:22]} Ke8 {[%clk 0:11:58]} 87. fxe4 {[%clk 0:01:40]} f3 {[%clk
0:12:22]} 88. Rd2 {[%clk 0:02:02]} Rd7 {[%clk 0:08:53]} 89. Rf2 {[%clk 0:01:34]}
Rd1+ {[%clk 0:08:38]} 90. Kb2 {[%clk 0:01:57]} Rd3 {[%clk 0:09:02]} 91. Rxf3
{[%clk 0:00:58]} Nd1+ {[%clk 0:09:29]} 92. Kc2 {[%clk 0:01:27]} Rxf3 {[%clk
0:09:52]} 93. Kxd1 {[%clk 0:01:55]} Rxh3 {[%clk 0:09:33]} 94. e5 {[%clk 0:01:52]}
Rxc3 {[%clk 0:08:14]} 95. e6 {[%clk 0:01:37]} Rxa3 {[%clk 0:07:50]} 96. Rg6
{[%clk 0:01:51]} Re3 {[%clk 0:08:09]} 97. Kd2 {[%clk 0:01:22]} Re4 {[%clk
0:08:30]} 98. Rxg5 {[%clk 0:01:47]} Ke7 {[%clk 0:05:51]} 99. Rg7+ {[%clk
0:02:05]} Kd6 {[%clk 0:05:21]} 100. Rd7+ {[%clk 0:02:07]} Kc6 {[%clk 0:05:28]}
101. g5 {[%clk 0:00:51]} Re5 {[%clk 0:03:57]} 102. f6 {[%clk 0:00:33]} h3 {[%clk
0:00:33]} 103. Rh7 {[%clk 0:00:40]} Kd6 {[%clk 0:00:36]} 104. Rxh3 {[%clk
0:00:36]} Kxe6 {[%clk 0:00:34]} 105. Rg3 {[%clk 0:01:02]} Rd5+ {[%clk 0:00:34]}
106. Kc3 {[%clk 0:01:29]} Rd8 {[%clk 0:00:52]} 107. Kxc4 {[%clk 0:01:20]} Rb8
{[%clk 0:00:38]} 108. Ra3 {[%clk 0:01:19]} Rc8+ {[%clk 0:00:34]} 109. Kd4 {[%clk
0:01:40]} Ra8 {[%clk 0:00:41]} 110. Ke4 {[%clk 0:02:05]} a4 {[%clk 0:01:07]} 111.
Kf4 {[%clk 0:02:32]} Ra5 {[%clk 0:01:25]} 112. Kg4 {[%clk 0:02:38]} Ra8 {[%clk
0:01:34]} 113. Kh5 {[%clk 0:02:57]} Kf5 {[%clk 0:01:58]} 114. Rf3+ {[%clk
0:02:55]} Ke4 {[%clk 0:02:18]} 115. Rf1 {[%clk 0:03:02]} a3 {[%clk 0:02:04]} 116.
f7 {[%clk 0:03:17]} a2 {[%clk 0:01:34]} 117. g6 {[%clk 0:03:27]} Rb8 {[%clk
0:00:38]} 118. Ra1 {[%clk 0:03:10]} Kf4 {[%clk 0:00:31]} 119. g7 {[%clk 0:03:19]}
Rb5+ {[%clk 0:00:33]} 120. Kg6 {[%clk 0:03:39]} Rg5+ {[%clk 0:00:31]} 121. Kf6
{[%clk 0:04:03]} Rg2 {[%clk 0:00:35]} 122. g8Q {[%clk 0:04:14]} 1-0

[Event "Baku Chess Olympiad | Open"]
[Site "chess24.com"]
[Date "2016.09.06"]
[Round "5"]
[White "Rehan, Deng Cypriano"]
[Black "Arias, Lemnys A."]
[Result "0-1"]
[Board "1"]
[WhiteID "32500084"]
[WhiteElo "1899"]
[WhiteCountry "SSD"]
[WhiteFideId "32500084"]
[WhiteEloChange "-2"]
[BlackID "6700284"]
[BlackElo "2305"]
[BlackTitle "IM"]
[BlackCountry "ESA"]
[BlackFideId "6700284"]
[BlackEloChange "2"]

1. e4 {[%clk 1:30:54]} c5 {[%clk 1:30:47]} 2. Nf3 {[%clk 1:31:12]} d6 {[%clk
1:31:10]} 3. d4 {[%clk 1:31:32]} cxd4 {[%clk 1:31:37]} 4. Nxd4 {[%clk 1:31:43]}
Nf6 {[%clk 1:32:03]} 5. Nc3 {[%clk 1:31:57]} a6 {[%clk 1:32:30]} 6. Be2 {[%clk
1:32:09]} g6 {[%clk 1:32:10]} 7. Be3 {[%clk 1:32:10]} Nc6 {[%clk 1:29:20]} 8. Nd5
{[%clk 1:30:13]} Nd7 {[%clk 1:22:53]} 9. Bb5 {[%clk 1:03:52]} axb5 {[%clk
1:12:48]} 10. Nxb5 {[%clk 1:03:41]} Bg7 {[%clk 1:12:59]} 11. Nbc7+ {[%clk
0:58:03]} Kf8 {[%clk 1:13:24]} 12. Nxa8 {[%clk 0:57:36]} Qa5+ {[%clk 1:13:48]}
13. c3 {[%clk 0:57:48]} Qxa8 {[%clk 1:14:15]} 14. O-O {[%clk 0:57:40]} Qb8 {[%clk
1:12:10]} 15. f3 {[%clk 0:57:24]} e6 {[%clk 1:04:44]} 16. Nf4 {[%clk 0:54:54]}
Ke7 {[%clk 1:03:06]} 17. Re1 {[%clk 0:54:04]} Rd8 {[%clk 1:01:01]} 18. Qe2 {[%clk
0:50:50]} Qc7 {[%clk 1:00:53]} 19. Rad1 {[%clk 0:50:43]} Nce5 {[%clk 0:59:40]}
20. Bd4 {[%clk 0:49:25]} b6 {[%clk 0:58:43]} 21. Qf2 {[%clk 0:47:16]} h5 {[%clk
0:48:22]} 22. b3 {[%clk 0:37:15]} b5 {[%clk 0:41:47]} 23. h3 {[%clk 0:34:31]} Bb7
{[%clk 0:35:44]} 24. Kh1 {[%clk 0:28:12]} Kf8 {[%clk 0:34:56]} 25. Qg3 {[%clk
0:27:20]} Bf6 {[%clk 0:30:17]} 26. h4 {[%clk 0:22:15]} Rc8 {[%clk 0:27:38]} 27.
Kh2 {[%clk 0:20:23]} Qd8 {[%clk 0:25:18]} 28. Kh3 {[%clk 0:20:34]} Qe7 {[%clk
0:25:07]} 29. Re2 {[%clk 0:19:21]} Rc6 {[%clk 0:23:43]} 30. Qf2 {[%clk 0:18:11]}
Kg8 {[%clk 0:23:29]} 31. g4 {[%clk 0:17:48]} hxg4+ {[%clk 0:23:13]} 32. fxg4
{[%clk 0:18:01]} Bg7 {[%clk 0:23:42]} 33. g5 {[%clk 0:16:34]} Rc8 {[%clk
0:24:11]} 34. Rg1 {[%clk 0:16:01]} Nc5 {[%clk 0:24:26]} 35. Qg2 {[%clk 0:14:04]}
Ned7 {[%clk 0:24:16]} 36. Bxg7 {[%clk 0:12:09]} Kxg7 {[%clk 0:24:44]} 37. h5
{[%clk 0:12:24]} e5 {[%clk 0:25:13]} 38. h6+ {[%clk 0:12:14]} Kh7 {[%clk
0:25:42]} 39. Nd5 {[%clk 0:11:52]} Bxd5 {[%clk 0:26:10]} 40. exd5 {[%clk
0:41:55]} Rf8 {[%clk 0:51:24]} 41. Rf1 {[%clk 0:36:33]} f6 {[%clk 0:50:51]} 42.
gxf6 {[%clk 0:35:51]} Rxf6 {[%clk 0:50:53]} 43. Ref2 {[%clk 0:29:41]} Nd3 {[%clk
0:50:35]} 44. Rxf6 {[%clk 0:27:26]} Nxf6 {[%clk 0:51:03]} 45. Qg5 {[%clk
0:20:05]} Nf4+ {[%clk 0:51:12]} 46. Kh2 {[%clk 0:20:08]} N4xd5 {[%clk 0:51:16]}
47. c4 {[%clk 0:16:58]} bxc4 {[%clk 0:51:24]} 48. bxc4 {[%clk 0:17:10]} Nf4
{[%clk 0:51:45]} 49. a4 {[%clk 0:16:16]} Qe6 {[%clk 0:51:13]} 50. Rxf4 {[%clk
0:09:20]} exf4 {[%clk 0:51:34]} 51. Qxf4 {[%clk 0:09:39]} Ng4+ {[%clk 0:51:26]}
52. Kg2 {[%clk 0:06:27]} Ne3+ {[%clk 0:51:33]} 53. Kg1 {[%clk 0:05:07]} Nxc4
{[%clk 0:49:44]} 54. Qf8 {[%clk 0:04:47]} Qg4+ {[%clk 0:49:29]} 55. Kh2 {[%clk
0:03:52]} Qh4+ {[%clk 0:49:46]} 56. Kg2 {[%clk 0:03:17]} Ne3+ {[%clk 0:49:54]}
57. Kf3 {[%clk 0:03:10]} Nf5 {[%clk 0:50:16]} 58. Qf7+ {[%clk 0:01:50]} Kxh6
{[%clk 0:50:43]} 59. Qf8+ {[%clk 0:01:52]} Kh7 {[%clk 0:51:02]} 60. Qf7+ {[%clk
0:01:59]} Ng7 {[%clk 0:51:30]} 61. Qa7 {[%clk 0:02:01]} d5 {[%clk 0:51:23]} 62.
a5 {[%clk 0:02:14]} Qe4+ {[%clk 0:51:51]} 63. Kf2 {[%clk 0:02:18]} d4 {[%clk
0:52:20]} 64. a6 {[%clk 0:02:08]} d3 {[%clk 0:52:42]} 65. Qe3 {[%clk 0:02:02]}
Qf5+ {[%clk 0:52:17]} 66. Kg1 {[%clk 0:02:02]} Qd5 {[%clk 0:51:55]} 67. a7 {[%clk
0:01:55]} d2 {[%clk 0:51:55]} 68. Qxd2 {[%clk 0:02:12]} Qxd2 {[%clk 0:52:15]} 69.
a8Q {[%clk 0:02:33]} Qe1+ {[%clk 0:52:35]} 70. Kg2 {[%clk 0:02:35]} Nf5 {[%clk
0:52:54]} 71. Qb8 {[%clk 0:01:36]} Qe2+ {[%clk 0:52:56]} 72. Kg1 {[%clk 0:01:46]}
Ne3 {[%clk 0:52:46]} 73. Qc7+ {[%clk 0:01:42]} Kh6 {[%clk 0:53:03]} 74. Qf4+
{[%clk 0:01:44]} Kh5 {[%clk 0:53:02]} 75. Qe5+ {[%clk 0:01:39]} g5 {[%clk
0:52:32]} 76. Qe8+ {[%clk 0:01:29]} Kh4 {[%clk 0:52:28]} 77. Qh8+ {[%clk
0:01:00]} Qh5 {[%clk 0:52:44]} 78. Qa8 {[%clk 0:00:46]} Qd1+ {[%clk 0:52:56]} 79.
Kh2 {[%clk 0:00:36]} Ng4+ {[%clk 0:53:15]} 80. Kg2 {[%clk 0:00:41]} Qe2+ {[%clk
0:53:41]} 0-1

[Event "Baku Chess Olympiad | Open"]
[Site "chess24.com"]
[Date "2016.09.06"]
[Round "5"]
[White "Al-Hajiri, Bader"]
[Black "Belzo, Krzysztof"]
[Result "0-1"]
[Board "1"]
[WhiteID "10300163"]
[WhiteElo "2116"]
[WhiteTitle "FM"]
[WhiteCountry "KUW"]
[WhiteFideId "10300163"]
[WhiteEloChange "-12"]
[BlackID "1126768"]
[BlackElo "2044"]
[BlackTitle "CM"]
[BlackCountry "JCI"]
[BlackFideId "1126768"]
[BlackEloChange "12"]

1. e4 {[%clk 1:30:52]} c5 {[%clk 1:30:55]} 2. Nf3 {[%clk 1:31:13]} Nc6 {[%clk
1:31:22]} 3. d4 {[%clk 1:31:32]} cxd4 {[%clk 1:31:47]} 4. Nxd4 {[%clk 1:31:55]}
g6 {[%clk 1:31:49]} 5. Nc3 {[%clk 1:30:51]} Bg7 {[%clk 1:32:13]} 6. Be3 {[%clk
1:31:17]} Nf6 {[%clk 1:32:35]} 7. Bc4 {[%clk 1:31:24]} O-O {[%clk 1:32:58]} 8.
Bb3 {[%clk 1:31:50]} d6 {[%clk 1:33:07]} 9. f3 {[%clk 1:31:57]} Bd7 {[%clk
1:32:59]} 10. Qd2 {[%clk 1:32:16]} Nxd4 {[%clk 1:32:57]} 11. Bxd4 {[%clk
1:32:35]} b5 {[%clk 1:33:23]} 12. O-O-O {[%clk 1:30:37]} a5 {[%clk 1:30:23]} 13.
a4 {[%clk 1:26:54]} b4 {[%clk 1:27:50]} 14. Nd5 {[%clk 1:27:02]} Nxd5 {[%clk
1:27:43]} 15. Bxd5 {[%clk 1:27:13]} Rc8 {[%clk 1:26:43]} 16. Bxg7 {[%clk
1:24:19]} Kxg7 {[%clk 1:27:11]} 17. b3 {[%clk 1:24:14]} Qc7 {[%clk 1:18:51]} 18.
h4 {[%clk 1:16:42]} Qc3 {[%clk 1:15:45]} 19. Qd4+ {[%clk 1:14:44]} f6 {[%clk
1:12:22]} 20. Rd2 {[%clk 1:14:18]} h6 {[%clk 1:07:01]} 21. Re1 {[%clk 1:12:55]}
Rc7 {[%clk 1:00:31]} 22. Re3 {[%clk 1:06:04]} Qxd4 {[%clk 0:59:26]} 23. Rxd4
{[%clk 1:06:28]} Rfc8 {[%clk 0:59:09]} 24. Re2 {[%clk 1:06:50]} g5 {[%clk
0:55:50]} 25. h5 {[%clk 1:03:58]} Rc3 {[%clk 0:52:25]} 26. Kb2 {[%clk 0:59:16]}
R8c7 {[%clk 0:45:22]} 27. Red2 {[%clk 0:57:56]} Be8 {[%clk 0:43:55]} 28. Rc4
{[%clk 0:53:57]} Bxh5 {[%clk 0:42:00]} 29. Rxc7 {[%clk 0:54:25]} Rxc7 {[%clk
0:42:22]} 30. Rd3 {[%clk 0:54:33]} Bf7 {[%clk 0:38:52]} 31. c3 {[%clk 0:48:20]}
Bxd5 {[%clk 0:16:03]} 32. exd5 {[%clk 0:37:23]} bxc3+ {[%clk 0:16:04]} 33. Rxc3
{[%clk 0:37:47]} Ra7 {[%clk 0:16:12]} 34. Rc8 {[%clk 0:32:29]} f5 {[%clk
0:15:51]} 35. Kc3 {[%clk 0:23:28]} h5 {[%clk 0:14:55]} 36. Rb8 {[%clk 0:19:37]}
h4 {[%clk 0:14:52]} 37. b4 {[%clk 0:12:33]} Rc7+ {[%clk 0:14:16]} 38. Kb3 {[%clk
0:11:21]} axb4 {[%clk 0:13:03]} 39. Rxb4 {[%clk 0:10:19]} Kf6 {[%clk 0:11:27]}
40. a5 {[%clk 0:38:13]} Ke5 {[%clk 0:41:40]} 41. a6 {[%clk 0:36:19]} Ra7 {[%clk
0:41:09]} 42. Ra4 {[%clk 0:35:37]} Kxd5 {[%clk 0:41:18]} 43. Kb4 {[%clk 0:36:01]}
Kd4 {[%clk 0:30:01]} 44. Kb5+ {[%clk 0:33:28]} Ke3 {[%clk 0:30:19]} 45. Kb6
{[%clk 0:33:54]} Ra8 {[%clk 0:30:41]} 46. Kb7 {[%clk 0:34:19]} Rd8 {[%clk
0:30:22]} 47. Kc7 {[%clk 0:21:11]} Rh8 {[%clk 0:19:34]} 48. a7 {[%clk 0:18:47]}
d5 {[%clk 0:08:13]} 49. a8Q {[%clk 0:16:05]} Rxa8 {[%clk 0:08:39]} 50. Rxa8
{[%clk 0:16:28]} d4 {[%clk 0:08:37]} 51. Kd7 {[%clk 0:15:47]} d3 {[%clk 0:08:01]}
52. Kxe7 {[%clk 0:15:51]} d2 {[%clk 0:08:17]} 53. Ra1 {[%clk 0:12:41]} g4 {[%clk
0:04:00]} 54. fxg4 {[%clk 0:10:08]} fxg4 {[%clk 0:04:28]} 55. Kf6 {[%clk
0:08:59]} Kf2 {[%clk 0:02:16]} 56. Kf5 {[%clk 0:02:40]} h3 {[%clk 0:01:44]} 57.
g3 {[%clk 0:01:24]} Kxg3 {[%clk 0:01:16]} 58. Rd1 {[%clk 0:01:25]} h2 {[%clk
0:01:36]} 59. Ke4 {[%clk 0:01:05]} Kh3 {[%clk 0:01:15]} 60. Kf4 {[%clk 0:01:10]}
g3 {[%clk 0:01:20]} 61. Ra1 {[%clk 0:01:04]} Kg2 {[%clk 0:00:50]} 0-1